[Event "DVM U14 2011"]
[Site "Lingen (Ems) GER"]
[Date "2011.12.30"]
[Round "7"]
[White "Zimmermeier, Gregor"]
[Black "Krasotin, Valentin"]
[Result "0-1"]
[Termination "normal"]
[Board "8.3"]
[WhiteElo "877"]
[BlackElo "1624"]
[WhiteTeam "SC Caissa Schwarzenbach"]
[BlackTeam "SW  Nürnberg Süd"]
[BlackFideId "12913928"]
[EventCountry "GER"]
[EventRounds "7"]
[EventType "team-swiss"]
[EventDate "2011.12.26"]

1. e4 e5 2. Nf3 Nc6 3. d4 exd4 4. Nxd4 Nf6 5. Nxc6 bxc6 6. Nc3 Bb4 7. Bd2 d5 8.
Bd3 O-O 9. a3 Bxc3 10. Bxc3 dxe4 11. Bxf6 Qxf6 12. Bxe4 Re8 13. f3 Qxb2 14. O-O
Be6 15. Kh1 Rad8 16. Qe2 Qc3 17. Rfd1 Bd5 18. Qd3 Qxd3 19. Bxd3 Kf8 20. Bxh7 g6
21. Rab1 Kg7 22. Bxg6 fxg6 23. Rb7 Re7 24. Rxa7 Bxf3 25. Rg1 Be4 26. Re1 Bxg2+
27. Kxg2 Rxe1 28. Rxc7+ Kh6 29. Rxc6 Ra1 30. c4 Rxa3 31. Kf2 Rd2+ 32. Ke1 Rxh2
0-1

[Event "DVM U14 2011"]
[Site "Lingen (Ems) GER"]
[Date "2011.12.30"]
[Round "7"]
[White "Siegl, Adrian"]
[Black "Dechant, Joel Julian"]
[Result "1-0"]
[Termination "normal"]
[Board "8.4"]
[WhiteElo "1725"]
[BlackElo "836"]
[WhiteTeam "SW  Nürnberg Süd"]
[BlackTeam "SC Caissa Schwarzenbach"]
[WhiteFideId "12930156"]
[EventCountry "GER"]
[EventRounds "7"]
[EventType "team-swiss"]
[EventDate "2011.12.26"]

1. e4 e5 2. Nf3 Nc6 3. d4 exd4 4. Nxd4 Nxd4 5. Qxd4 Nf6 6. Nc3 b6 7. e5 Bc5 8.
Qd1 Ng8 9. Bc4 Qh4 10. Qf3 Qxc4 11. Qxa8 Ne7 12. Qe4 Qd4 13. Qxd4 Bxd4 14. Bf4
Bxc3+ 15. bxc3 Nd5 16. Bd2 O-O 17. O-O h6 18. Rad1 Re8 19. Rfe1 c5 20. c4 Nb4
21. Bxb4 cxb4 22. f4 Ba6 23. Rxd7 Bxc4 24. Rxa7 f6 25. Kf2 fxe5 26. Rxe5 Rxe5
27. fxe5 Kf8 28. Ke3 Bd5 29. g3 g5 30. Kd4 Be6 31. Ra6 Kf7 32. Rxb6 Bxa2 33.
Rxb4 Kg6 34. Rb3 Bxb3 35. cxb3 Kf5 36. b4 Kg4 37. b5 Kh3 38. b6 Kxh2 39. b7
Kxg3 40. b8=Q Kh3 41. Qb3+ Kh4 42. e6 g4 43. e7 g3 44. e8=Q g2 45. Qe7+ Kg4 46.
Qe4+ Kh5 47. Qf5+ Kh4 48. Qbh3# 1-0

[Event "DVM U14 2011"]
[Site "Lingen (Ems) GER"]
[Date "2011.12.30"]
[Round "7"]
[White "Bykov, Ilya"]
[Black "Schissler, Cornelius"]
[Result "1-0"]
[Termination "normal"]
[Board "9.1"]
[WhiteElo "1720"]
[BlackElo "1410"]
[WhiteTeam "Karlsruher SF 1853"]
[BlackTeam "SC Widdern"]
[WhiteFideId "12918059"]
[BlackFideId "12946290"]
[EventCountry "GER"]
[EventRounds "7"]
[EventType "team-swiss"]
[EventDate "2011.12.26"]

1. e4 c6 2. d4 d5 3. e5 Bf5 4. c3 e6 5. Be3 Qb6 6. Qb3 Qxb3 7. axb3 f6 8. Nd2
fxe5 9. dxe5 Nd7 10. f4 Bc5 11. Kf2 Bxe3+ 12. Kxe3 Ne7 13. h3 O-O 14. Ngf3 a6
15. g4 Bg6 16. Nd4 Bf7 17. b4 Rae8 18. Bd3 Nc8 19. N2b3 Ncb6 20. Na5 Rb8 21. h4
Rfe8 22. h5 Nf8 23. Rh2 g6 24. Rah1 gxh5 25. gxh5 Na4 26. Rg1+ Kh8 27. Nf3 h6
28. Rhg2 Rec8 29. Rg7 Rc7 30. Nd4 Re8 31. R1g2 Nxb2 32. Rxf7 Nd1+ 33. Kd2 Rxf7
34. Kxd1 Ree7 35. Rg4 Rg7 36. Rxg7 Rxg7 37. Ke2 Kg8 38. Kf3 Kh8 39. Bf1 Kh7 40.
Bh3 Re7 41. f5 exf5 42. Bxf5+ Kg7 43. Kf4 Nh7 44. Bc8 Ng5 45. Nf5+ 1-0

[Event "DVM U14 2011"]
[Site "Lingen (Ems) GER"]
[Date "2011.12.30"]
[Round "7"]
[White "Dirks, Alexander"]
[Black "Weinmann, Balduin"]
[Result "1-0"]
[Termination "normal"]
[Board "9.2"]
[WhiteElo "1372"]
[BlackElo "1116"]
[WhiteTeam "SC Widdern"]
[BlackTeam "Karlsruher SF 1853"]
[WhiteFideId "12946303"]
[EventCountry "GER"]
[EventRounds "7"]
[EventType "team-swiss"]
[EventDate "2011.12.26"]

1. e4 e5 2. Nf3 Nc6 3. d4 exd4 4. Nxd4 Nf6 5. Nxc6 bxc6 6. Bd3 d5 7. exd5 cxd5
8. O-O Be7 9. Nc3 O-O 10. Re1 Bb7 11. Bd2 Bc5 12. Na4 Bb6 13. Nxb6 axb6 14. Bg5
d4 15. a3 Qd5 16. Qf3 Qxf3 17. gxf3 Bxf3 18. Bxf6 gxf6 19. Be4 Bxe4 20. Rxe4 c5
21. Rae1 h6 22. Kh1 Kh7 23. Rf4 Kg6 24. Rg1+ Kh7 25. Rxf6 b5 26. Rc6 Rac8 27.
Rxc8 Rxc8 28. Rg3 Re8 29. Rb3 Re2 30. Rxb5 Rxc2 31. Kg2 d3 32. Rb7 Kg7 33. Kf3
c4 34. Rc7 Rc1 35. Ke3 Kf6 36. a4 Re1+ 37. Kd2 Re2+ 38. Kc3 Rxf2 39. Rxc4 d2
40. Rd4 Rxh2 41. Rxd2 Rxd2 42. Kxd2 h5 43. a5 h4 44. Ke2 Kg5 45. a6 h3 46. a7
1-0

[Event "DVM U14 2011"]
[Site "Lingen (Ems) GER"]
[Date "2011.12.30"]
[Round "7"]
[White "Ospina Ocampo, Antonio"]
[Black "Weinmeister, Nico"]
[Result "0-1"]
[Termination "normal"]
[Board "9.3"]
[WhiteElo "934"]
[BlackElo "1380"]
[WhiteTeam "Karlsruher SF 1853"]
[BlackTeam "SC Widdern"]
[WhiteFideId "12946362"]
[BlackFideId "12946311"]
[EventCountry "GER"]
[EventRounds "7"]
[EventType "team-swiss"]
[EventDate "2011.12.26"]

1. e4 e5 2. Nf3 Nc6 3. Nc3 Nf6 4. Bb5 d6 5. O-O a6 6. Bxc6+ bxc6 7. d3 Bg4 8.
h3 Bh5 9. Bg5 h6 10. Bh4 g5 11. Bg3 g4 12. hxg4 Bxg4 13. Bh4 Be7 14. g3 Nd7 15.
Bxe7 Qxe7 16. Kg2 Qf6 17. Rh1 Rg8 18. Qe2 h5 19. Nd1 h4 20. Ne3 h3+ 21. Rxh3
Bxh3+ 22. Kxh3 Rh8+ 23. Kg2 Qh6 24. Nh4 Qg5 25. Nef5 Rb8 26. b3 Nc5 27. Rh1 Ne6
28. Nf3 Nf4+ 0-1

[Event "DVM U14 2011"]
[Site "Lingen (Ems) GER"]
[Date "2011.12.30"]
[Round "7"]
[White "Hoffmann, Jens"]
[Black "Sirbu, Nikita"]
[Result "1-0"]
[Termination "normal"]
[Board "9.4"]
[WhiteElo "1375"]
[BlackElo "805"]
[WhiteTeam "SC Widdern"]
[BlackTeam "Karlsruher SF 1853"]
[WhiteFideId "12946320"]
[BlackFideId "12946370"]
[EventCountry "GER"]
[EventRounds "7"]
[EventType "team-swiss"]
[EventDate "2011.12.26"]

1. e4 e5 2. Nf3 Nc6 3. d4 exd4 4. Nxd4 Nxd4 5. Qxd4 c6 6. Nc3 d5 7. exd5 Nf6 8.
Qe5+ Qe7 9. Qxe7+ Bxe7 10. dxc6 bxc6 11. Be2 O-O 12. Bf3 Bb7 13. O-O Bb4 14.
Ne4 Nxe4 15. Bxe4 Rfe8 16. Bf3 Re7 17. c3 Bc5 18. b4 Bd6 19. Be3 Be5 20. Rac1
Rd7 21. Rfe1 Bc7 22. Rc2 Bb6 23. Bxb6 axb6 24. a4 h6 25. Ra2 b5 26. a5 Kf8 27.
Rea1 Re7 28. h3 Ba6 29. Rd2 Rc7 30. Rc1 Rb8 31. Rd6 Rbc8 32. Re1 g6 33. h4 Kg7
34. h5 Bb7 35. hxg6 fxg6 36. Ree6 Kf7 37. Bg4 Rg8 38. Rxg6 Rxg6 39. Bh5 Ke8 40.
Rxg6 Kd8 41. Rxh6 c5 42. Rh8+ Kd7 43. Rh7+ Kd6 44. Rxc7 Kxc7 45. bxc5 Kc6 46.
Bf3+ Kc7 47. Bxb7 Kxb7 48. g4 Kc6 49. a6 Kxc5 50. a7 Kc4 51. a8=Q Kxc3 52. Qa1+
Kc4 53. Qb1 b4 54. g5 Kb5 1-0

[Event "DVM U14 2011"]
[Site "Lingen (Ems) GER"]
[Date "2011.12.30"]
[Round "7"]
[White "Rausch, Adrian"]
[Black "Imcke, Patrick"]
[Result "1/2-1/2"]
[Termination "normal"]
[Board "10.1"]
[WhiteElo "1706"]
[BlackElo "1848"]
[WhiteTeam "SV Backnang"]
[BlackTeam "Sportfreunde Katernberg 1913"]
[WhiteFideId "12929069"]
[BlackFideId "4622502"]
[EventCountry "GER"]
[EventRounds "7"]
[EventType "team-swiss"]
[EventDate "2011.12.26"]

1. d4 e6 2. c4 f5 3. Nf3 Nf6 4. Bg5 Bb4+ 5. Nbd2 b6 6. g3 Bb7 7. Bg2 O-O 8. O-O
Bxd2 9. Nxd2 Bxg2 10. Kxg2 Qe8 11. Bxf6 Rxf6 12. e4 f4 13. e5 Rf8 14. f3 Nc6
15. Ne4 Qg6 16. g4 Ne7 17. Kh1 b5 18. b3 Rab8 19. h4 h5 20. Rg1 Kh8 21. Qe2 Qh6
22. g5 Qg6 23. Nf6 gxf6 24. gxf6 Qf5 25. fxe7 Qh3+ 26. Qh2 Qxf3+ 27. Qg2 Qxg2+
28. Rxg2 Rf7 29. Rg5 Rxe7 30. Rxh5+ Rh7 31. Rxh7+ Kxh7 32. cxb5 Kg6 1/2-1/2

[Event "DVM U14 2011"]
[Site "Lingen (Ems) GER"]
[Date "2011.12.30"]
[Round "7"]
[White "Dette, Tim"]
[Black "Maier, Lukas"]
[Result "1/2-1/2"]
[Termination "normal"]
[Board "10.2"]
[WhiteElo "1553"]
[BlackElo "1503"]
[WhiteTeam "Sportfreunde Katernberg 1913"]
[BlackTeam "SV Backnang"]
[WhiteFideId "12946249"]
[BlackFideId "12946184"]
[EventCountry "GER"]
[EventRounds "7"]
[EventType "team-swiss"]
[EventDate "2011.12.26"]

1. e4 e5 2. d4 exd4 3. Nf3 c5 4. Bc4 Nc6 5. c3 dxc3 6. O-O d6 7. Nxc3 Be7 8.
Bf4 Nf6 9. a3 O-O 10. Qc2 a6 11. Rad1 Qc7 12. Rfe1 Bg4 13. Rd3 Ne5 14. Bxe5
dxe5 15. h3 Bh5 16. Nh4 b5 17. Bd5 Rad8 18. Qc1 b4 19. g4 bxc3 20. gxh5 Nxd5
21. exd5 cxb2 22. Qxb2 Bxh4 23. Re4 Bf6 24. Qd2 Rd6 25. Rg3 Rfd8 26. Reg4 g6
27. h4 Rxd5 28. Qc2 Rd4 29. Rxd4 Rxd4 30. hxg6 fxg6 31. h5 c4 32. hxg6 hxg6 33.
Qxg6+ Qg7 34. Qe8+ Kh7 35. Rxg7+ Bxg7 36. Qh5+ Kg8 37. Qe8+ 1/2-1/2

[Event "DVM U14 2011"]
[Site "Lingen (Ems) GER"]
[Date "2011.12.30"]
[Round "7"]
[White "Soos, Philipp"]
[Black "Marvani, Arman"]
[Result "0-1"]
[Termination "normal"]
[Board "10.3"]
[WhiteElo "1561"]
[BlackElo "1313"]
[WhiteTeam "SV Backnang"]
[BlackTeam "Sportfreunde Katernberg 1913"]
[WhiteFideId "12943967"]
[BlackFideId "12936731"]
[EventCountry "GER"]
[EventRounds "7"]
[EventType "team-swiss"]
[EventDate "2011.12.26"]

1. e4 e6 2. d4 d5 3. e5 c5 4. c3 Qb6 5. Nf3 Nc6 6. a3 f6 7. exf6 Nxf6 8. Bd3
Bd7 9. O-O Bd6 10. Re1 O-O 11. b4 cxd4 12. cxd4 Rae8 13. Nc3 e5 14. dxe5 Ng4
15. Nxd5 Qxf2+ 16. Kh1 Rxf3 17. Bg5 Ncxe5 18. Bf1 Rd3 19. Qc1 Qd4 20. Bh4 Qxd5
0-1

[Event "DVM U14 2011"]
[Site "Lingen (Ems) GER"]
[Date "2011.12.30"]
[Round "7"]
[White "Kennemann, Henrik Jan"]
[Black "Zouani, Samir"]
[Result "1/2-1/2"]
[Termination "normal"]
[Board "10.4"]
[WhiteElo "1132"]
[BlackElo "1360"]
[WhiteTeam "Sportfreunde Katernberg 1913"]
[BlackTeam "SV Backnang"]
[WhiteFideId "1271856"]
[BlackFideId "12946206"]
[EventCountry "GER"]
[EventRounds "7"]
[EventType "team-swiss"]
[EventDate "2011.12.26"]

1. d4 d5 2. e4 dxe4 3. Nc3 Nf6 4. f3 exf3 5. Nxf3 Bg4 6. Be2 e6 7. O-O c6 8.
Ne5 Bxe2 9. Nxe2 Nbd7 10. Nd3 Qb6 11. Kh1 c5 12. c3 cxd4 13. Nxd4 Bc5 14. Nxc5
Nxc5 15. Qf3 O-O 16. Bh6 e5 17. Bxg7 Kxg7 18. Nf5+ Kh8 19. Qg3 Rg8 20. Qxe5
Ncd7 21. Qe7 Qxb2 22. g3 Qxc3 23. Nh6 Qc6+ 24. Kg1 Qb6+ 25. Kg2 Qc6+ 26. Kg1
Rg7 27. Nxf7+ Kg8 28. Nh6+ Kh8 29. Nf7+ Kg8 30. Nh6+ Kh8 1/2-1/2

[Event "DVM U12 2011"]
[Site "Arendsee (Altmark) GER"]
[Date "2011.12.27"]
[Round "2"]
[White "Sawlin, Leonid"]
[Black "Dürr, Florian"]
[Result "1-0"]
[Termination "normal"]
[Board "1.1"]
[WhiteElo "1874"]
[BlackElo "1853"]
[WhiteTeam "TuS Makkabi Berlin"]
[BlackTeam "SC Erlangen"]
[WhiteFideId "4689542"]
[BlackFideId "24659134"]
[EventCountry "GER"]
[EventRounds "7"]
[EventType "team-swiss"]
[EventDate "2011.12.26"]

1. e4 e6 2. d4 d5 3. Nc3 Nf6 4. Bg5 Be7 5. e5 Nfd7 6. h4 O-O 7. Qg4 f6 8. Qxe6+
Kh8 9. exf6 Nxf6 10. Qe2 Nc6 11. O-O-O Bf5 12. Qd2 Qd7 13. f3 Nb4 14. Bd3 Bxd3
15. cxd3 c5 16. Nge2 Rfc8 17. Kb1 b5 18. g4 c4 19. Nf4 a5 20. h5 Nxd3 21. Nxd3
cxd3 22. Qxd3 b4 23. Ne2 b3 24. a3 Rc2 25. Rc1 Rac8 26. Rxc2 Rxc2 27. Rc1 Ne4
28. Qxb3 Rxc1+ 29. Bxc1 Nf6 30. Qb8+ Ng8 31. Nc3 Bf6 32. Qb5 Qd8 33. Qxd5 Qb6
34. Qc5 Bxd4 35. Qxb6 Bxb6 36. Nd5 Bd4 37. Bd2 a4 38. Bc3 Bxc3 39. bxc3 g6 40.
hxg6 hxg6 41. c4 Kg7 42. g5 Kf7 43. Kc2 Ne7 44. Nxe7 Kxe7 45. f4 Kd6 46. f5 1-0

[Event "DVM U12 2011"]
[Site "Arendsee (Altmark) GER"]
[Date "2011.12.27"]
[Round "2"]
[White "Tong, Kevin"]
[Black "Lagunow, Raphael"]
[Result "0-1"]
[Termination "normal"]
[Board "1.2"]
[WhiteElo "1512"]
[BlackElo "1801"]
[WhiteTeam "SC Erlangen"]
[BlackTeam "TuS Makkabi Berlin"]
[WhiteFideId "12913944"]
[BlackFideId "24652644"]
[EventCountry "GER"]
[EventRounds "7"]
[EventType "team-swiss"]
[EventDate "2011.12.26"]

1. e4 c5 2. Nf3 Nc6 3. d4 cxd4 4. Nxd4 g6 5. c4 Nf6 6. Nc3 Nxd4 7. Qxd4 d6 8.
Be3 Bg7 9. Be2 O-O 10. Qd2 a5 11. O-O a4 12. Rac1 Qa5 13. Rfd1 Be6 14. f3 Rfc8
15. Nd5 Qxd2 16. Bxd2 Bxd5 17. cxd5 Nd7 18. b4 axb3 19. axb3 Rxc1 20. Rxc1 Ra2
21. Bb5 Bd4+ 22. Kf1 Nc5 23. Bh6 Rf2+ 24. Ke1 Rxg2 25. b4 Rg1+ 26. Ke2 Rxc1 27.
Bxc1 Na6 28. Bd2 Nc7 29. Bd3 e5 30. f4 exf4 31. Bxf4 Be5 32. Bxe5 dxe5 33. Kf3
Kf8 34. Kg4 h6 35. h4 h5+ 36. Kf3 Ke7 37. Ke3 Na6 38. b5 Nc5 39. Bc2 b6 40. Kd2
f6 41. Ke2 g5 42. hxg5 fxg5 43. Kf2 Nb7 44. Bd3 Kf6 45. Kg3 Nd6 46. Kh3 Kg6 47.
Kg3 g4 48. Kh4 Kh6 49. Kg3 Kg5 0-1

[Event "DVM U12 2011"]
[Site "Arendsee (Altmark) GER"]
[Date "2011.12.27"]
[Round "2"]
[White "Schmidek, Emil"]
[Black "Wegmann, Simon"]
[Result "1-0"]
[Termination "normal"]
[Board "1.3"]
[WhiteElo "1792"]
[BlackElo "1408"]
[WhiteTeam "TuS Makkabi Berlin"]
[BlackTeam "SC Erlangen"]
[WhiteFideId "12908150"]
[BlackFideId "1270758"]
[EventCountry "GER"]
[EventRounds "7"]
[EventType "team-swiss"]
[EventDate "2011.12.26"]

1. e4 e5 2. Nf3 Nc6 3. Bb5 f5 4. d3 fxe4 5. dxe4 Bc5 6. O-O d6 7. Qe2 Bg4 8.
Nc3 Nge7 9. Qd3 O-O 10. Ng5 Nb4 11. Qc4+ Kh8 12. Nf7+ Rxf7 13. Qxf7 c6 14. Ba4
Qd7 15. Bb3 Re8 16. h3 Bxh3 17. gxh3 Ng8 18. Qxd7 1-0

[Event "DVM U12 2011"]
[Site "Arendsee (Altmark) GER"]
[Date "2011.12.27"]
[Round "2"]
[White "Tschammer, Kai"]
[Black "Hübner, Alan-Ari"]
[Result "0-1"]
[Termination "normal"]
[Board "1.4"]
[WhiteElo "946"]
[BlackElo "1677"]
[WhiteTeam "SC Erlangen"]
[BlackTeam "TuS Makkabi Berlin"]
[WhiteFideId "12939099"]
[BlackFideId "12903965"]
[EventCountry "GER"]
[EventRounds "7"]
[EventType "team-swiss"]
[EventDate "2011.12.26"]

1. e4 c5 2. Nc3 g6 3. Bc4 Bg7 4. Nf3 Nc6 5. O-O e6 6. d3 Nge7 7. Bg5 O-O 8.
Bxe7 Nxe7 9. Bb3 d5 10. exd5 Nxd5 11. Qd2 b6 12. Rab1 Bb7 13. Ne4 Qc7 14. Ng3
b5 15. c4 bxc4 16. dxc4 Nb4 17. Qe2 Rad8 18. a3 Nd3 19. Ne1 Nf4 20. Qc2 Bd4 21.
Ne4 Qc6 22. g3 Qxe4 23. gxf4 Qh1# 0-1

[Event "DVM U12 2011"]
[Site "Arendsee (Altmark) GER"]
[Date "2011.12.27"]
[Round "2"]
[White "Renger, Niklas"]
[Black "Kololli, Kevin"]
[Result "0-1"]
[Termination "normal"]
[Board "2.1"]
[WhiteElo "1499"]
[BlackElo "1762"]
[WhiteTeam "SG GW Dresden"]
[BlackTeam "Lübecker SV"]
[WhiteFideId "12908096"]
[BlackFideId "12936863"]
[EventCountry "GER"]
[EventRounds "7"]
[EventType "team-swiss"]
[EventDate "2011.12.26"]

1. e4 e5 2. Nf3 Nc6 3. d4 exd4 4. Bc4 Nf6 5. O-O Nxe4 6. Re1 d5 7. Bxd5 Qxd5 8.
Nc3 Qh5 9. Nxe4 Be7 10. Bg5 Bg4 11. Ng3 Qxg5 12. Nxg5 Bxd1 13. Raxd1 O-O 14.
Nf3 Rad8 15. a3 g6 16. Kf1 Bf6 17. Rd2 Na5 18. b4 Nc4 19. Rd3 a5 20. Ne4 Be7
21. Ned2 Nxd2+ 22. Rxd2 Bf6 23. Red1 axb4 24. axb4 Rd6 25. Nxd4 Rfd8 26. c3 b6
27. Ke1 Bg5 28. Nf3 Bxd2+ 29. Rxd2 Rxd2 30. Nxd2 f5 31. Ke2 Kf7 32. Nf3 Kf6 33.
h4 h6 34. g3 g5 35. h5 g4 36. Nh4 Kg5 37. Ng2 Re8+ 38. Kd2 Kxh5 39. Nf4+ Kg5
40. Kd1 h5 41. Ng2 Re4 42. Kd2 f4 43. Kd3 f3 44. Ne3 Rxe3+ 45. Kxe3 h4 46.
gxh4+ Kxh4 47. Kd2 g3 48. fxg3+ Kxg3 49. Ke1 Kg2 0-1

[Event "DVM U12 2011"]
[Site "Arendsee (Altmark) GER"]
[Date "2011.12.27"]
[Round "2"]
[White "Kololli, Martin"]
[Black "Sack, Carl-Anton"]
[Result "1-0"]
[Termination "normal"]
[Board "2.2"]
[WhiteElo "1690"]
[BlackElo "1487"]
[WhiteTeam "Lübecker SV"]
[BlackTeam "SG GW Dresden"]
[WhiteFideId "12936910"]
[BlackFideId "1270309"]
[EventCountry "GER"]
[EventRounds "7"]
[EventType "team-swiss"]
[EventDate "2011.12.26"]

1. e4 c5 2. c3 Nf6 3. e5 Nd5 4. d4 cxd4 5. Nf3 Nc6 6. cxd4 e6 7. Bc4 d6 8. O-O
Be7 9. Bd2 O-O 10. Nc3 Nxc3 11. Bxc3 dxe5 12. dxe5 Qxd1 13. Rfxd1 Rd8 14. Rxd8+
Bxd8 15. Rd1 Bc7 16. Bd3 h6 17. Be4 Na5 18. Nd4 a6 19. b3 Rb8 20. g3 Bd7 21.
Kg2 b5 22. Bxa5 Bxa5 23. Bc6 Be8 24. f4 Bc7 25. Bxe8 Rxe8 26. Nc6 Kf8 27. Kf3
f6 28. Ke4 Rc8 29. Nd4 Ke7 30. Rc1 Kd7 31. Rc6 fxe5 32. fxe5 Re8 33. Rxa6 b4
34. h3 g6 35. Nc6 Rf8 36. Nxb4 g5 37. Nd3 Rf5 38. Rxe6 Kxe6 39. Nc5+ Kf7 40.
Kxf5 1-0

[Event "DVM U12 2011"]
[Site "Arendsee (Altmark) GER"]
[Date "2011.12.27"]
[Round "2"]
[White "Tiedemann, Fin Niklas"]
[Black "Schuler, Max"]
[Result "1/2-1/2"]
[Termination "normal"]
[Board "2.4"]
[WhiteElo "1429"]
[BlackElo "1212"]
[WhiteTeam "Lübecker SV"]
[BlackTeam "SG GW Dresden"]
[WhiteFideId "12936936"]
[BlackFideId "12964913"]
[EventCountry "GER"]
[EventRounds "7"]
[EventType "team-swiss"]
[EventDate "2011.12.26"]

1. e4 c5 2. Nf3 e6 3. d4 cxd4 4. Nxd4 a6 5. Nc3 Qc7 6. Be3 b5 7. a3 Bb7 8. f3
Nc6 9. Be2 Nf6 10. O-O Be7 11. Qd2 O-O 12. Rad1 Rfd8 13. Nb3 d6 14. Qe1 Rac8
15. Qf2 Qb8 16. Bf4 Nh5 17. Be3 Nf6 18. Bd3 Ba8 19. Ne2 Rd7 20. Ng3 Ne5 21. Nd4
Nxd3 22. cxd3 d5 23. Kh1 dxe4 24. fxe4 Bc5 25. h3 Qb6 26. Nge2 Rcd8 27. Rc1 e5
28. Nf5 Bxe3 29. Nxe3 Rxd3 30. Rfd1 Rxd1+ 31. Nxd1 Qxf2 32. Nxf2 Nxe4 33. Nd3
f6 34. Nc5 Nxc5 35. Rxc5 Rd1+ 36. Ng1 Kf7 37. Rc7+ Kg6 38. Rc2 f5 39. Kh2 Rd7
40. Re2 Re7 41. g4 f4 42. Re1 f3 43. Kg3 e4 44. Nxf3 e3 45. Nh4+ 1/2-1/2

[Event "DVM U12 2011"]
[Site "Arendsee (Altmark) GER"]
[Date "2011.12.27"]
[Round "2"]
[White "Gungl, Theo"]
[Black "Schröter, Ron"]
[Result "1-0"]
[Termination "normal"]
[Board "3.1"]
[WhiteElo "1781"]
[BlackElo "1491"]
[WhiteTeam "USV TU Dresden"]
[BlackTeam "SG Porz"]
[WhiteFideId "24695653"]
[BlackFideId "12941727"]
[EventCountry "GER"]
[EventRounds "7"]
[EventType "team-swiss"]
[EventDate "2011.12.26"]

1. e4 e5 2. Nf3 Nc6 3. Bb5 a6 4. Bxc6 dxc6 5. O-O Bd6 6. d4 exd4 7. Qxd4 f6 8.
Re1 c5 9. Qc3 Ne7 10. e5 fxe5 11. Nxe5 Bxe5 12. Qxe5 Kf7 13. Bg5 Re8 14. Nc3
Qd6 15. Qe3 Bg4 16. Ne4 Qe5 17. Bxe7 Rxe7 18. Ng5+ Kf6 19. Nxh7+ Kf5 20. Qg5+
1-0

[Event "DVM U12 2011"]
[Site "Arendsee (Altmark) GER"]
[Date "2011.12.27"]
[Round "2"]
[White "Ramien, David"]
[Black "Scholz, Robert"]
[Result "0-1"]
[Termination "normal"]
[Board "3.2"]
[WhiteElo "1450"]
[BlackElo "1776"]
[WhiteTeam "SG Porz"]
[BlackTeam "USV TU Dresden"]
[WhiteFideId "12948241"]
[BlackFideId "1270301"]
[EventCountry "GER"]
[EventRounds "7"]
[EventType "team-swiss"]
[EventDate "2011.12.26"]

1. e4 c5 2. Nc3 Nc6 3. Nf3 d6 4. d4 cxd4 5. Nxd4 e5 6. Nb3 Be7 7. Be3 Be6 8.
Be2 Nf6 9. f3 O-O 10. O-O d5 11. exd5 Nxd5 12. Nxd5 Bxd5 13. Kh1 Be6 14. Nc5
Bc8 15. a3 b6 16. Nd3 f5 17. b4 Bf6 18. Rb1 Be6 19. Nb2 Qe7 20. Bc4 Rad8 21.
Qe2 Nd4 22. Bxd4 Rxd4 23. Bxe6+ Qxe6 24. Rbd1 Rfd8 25. Nd3 Qe7 26. Rfe1 e4 27.
fxe4 Rxe4 28. Qf2 g6 29. Rxe4 Qxe4 30. Re1 Qd4 31. Qxd4 Rxd4 32. Nc1 Rc4 33.
Re2 Bb2 34. Nd3 Bxa3 35. b5 Bf8 36. g3 Rc7 37. Nf4 Rc5 38. Re8 Rxb5 39. Ra8 Kf7
40. Rxa7+ Be7 41. c4 Rb1+ 42. Kg2 Ke8 43. Rb7 Rb2+ 44. Kh3 g5 0-1

[Event "DVM U12 2011"]
[Site "Arendsee (Altmark) GER"]
[Date "2011.12.27"]
[Round "2"]
[White "Schamschurko, André"]
[Black "Kagan, Dennis"]
[Result "1-0"]
[Termination "normal"]
[Board "3.3"]
[WhiteElo "1738"]
[BlackElo "1151"]
[WhiteTeam "USV TU Dresden"]
[BlackTeam "SG Porz"]
[WhiteFideId "24695670"]
[BlackFideId "12983578"]
[EventCountry "GER"]
[EventRounds "7"]
[EventType "team-swiss"]
[EventDate "2011.12.26"]

1. e4 c5 2. Nc3 Nc6 3. f4 d6 4. Nf3 e6 5. Bb5 a6 6. Bxc6+ bxc6 7. d3 g6 8. O-O
Bg7 9. Be3 Rb8 10. Rb1 Qa5 11. Bd2 Ne7 12. Qe1 c4 13. Qh4 Rb7 14. Kh1 cxd3 15.
cxd3 Qc7 16. Na4 O-O 17. Bc3 e5 18. fxe5 dxe5 19. b3 h6 20. Qg3 f6 21. Rb2 c5
22. Rbf2 Rd8 23. Nb2 Be6 24. h3 Kh7 25. Nh2 Nc6 26. Nc4 Nb4 27. Bxb4 cxb4 28.
Ng4 Bxg4 29. hxg4 Qd7 30. Rf3 Qb5 31. g5 hxg5 32. Qh3+ Kg8 33. Qe6+ Kh7 34.
Rh3+ Bh6 35. Rxf6 Re8 36. Rxg6 1-0

[Event "DVM U12 2011"]
[Site "Arendsee (Altmark) GER"]
[Date "2011.12.27"]
[Round "2"]
[White "Suvorov, Alexander"]
[Black "Abdurakhimov, Peter"]
[Result "0-1"]
[Termination "normal"]
[Board "3.4"]
[WhiteElo "1259"]
[BlackElo "1394"]
[WhiteTeam "SG Porz"]
[BlackTeam "USV TU Dresden"]
[WhiteFideId "12977063"]
[BlackFideId "12979694"]
[EventCountry "GER"]
[EventRounds "7"]
[EventType "team-swiss"]
[EventDate "2011.12.26"]

1. e4 e5 2. Nf3 Nc6 3. Bb5 a6 4. Ba4 Nf6 5. O-O b5 6. Bb3 Be7 7. Re1 d6 8. d3
O-O 9. Bg5 Bg4 10. c3 Na5 11. Bc2 c5 12. Nbd2 Nc6 13. h3 Bh5 14. Nf1 h6 15. Be3
Nh7 16. Ng3 Bxf3 17. Qxf3 Ng5 18. Qg4 g6 19. h4 h5 20. Nxh5 gxh5 21. Qxh5 Ne6
22. Bh6 Bxh4 23. g3 Bg5 24. Bxf8 Nxf8 25. Bb3 Ra7 26. Kg2 Qf6 27. Rh1 Qg7 28.
Bxf7+ Rxf7 0-1

[Event "DVM U12 2011"]
[Site "Arendsee (Altmark) GER"]
[Date "2011.12.27"]
[Round "2"]
[White "Riehle, Marco"]
[Black "von Angern, Cedric"]
[Result "1-0"]
[Termination "normal"]
[Board "4.1"]
[WhiteElo "1759"]
[BlackElo "1450"]
[WhiteTeam "SF Sasbach"]
[BlackTeam "AE Magdeburg"]
[WhiteFideId "12904392"]
[BlackFideId "12921106"]
[EventCountry "GER"]
[EventRounds "7"]
[EventType "team-swiss"]
[EventDate "2011.12.26"]

1. e4 c5 2. Nf3 d6 3. d4 cxd4 4. Nxd4 Nf6 5. Nc3 a6 6. Be3 e5 7. Nb3 Be6 8. f3
Be7 9. Qd2 O-O 10. O-O-O Nbd7 11. g4 b5 12. h4 Nb6 13. Bxb6 Qxb6 14. h5 Nd7 15.
g5 Qd8 16. Rg1 f6 17. gxf6 Rxf6 18. Qh2 Rxf3 19. Kb1 Rf7 20. Bh3 Bxh3 21. Qxh3
Nb6 22. Rg3 Qc8 23. Qg2 Qe6 24. Rg1 Qf6 25. Nd2 Raf8 26. Nf3 Kh8 27. b3 Qh6 28.
Kb2 Rg8 29. Ng5 Bxg5 30. Rxg5 Qf6 31. Qd2 Rd7 32. Qe3 Rb7 33. Qd2 Rd7 34. Rf5
Qe6 35. Rgf1 Rdd8 36. Rf7 Rb8 37. Nd5 Nxd5 38. exd5 Qc8 39. Qg5 Qe8 40. h6 e4
41. hxg7+ 1-0

[Event "DVM U12 2011"]
[Site "Arendsee (Altmark) GER"]
[Date "2011.12.27"]
[Round "2"]
[White "Rößler, Linus Benedict"]
[Black "Ehmann, Thilo"]
[Result "0-1"]
[Termination "normal"]
[Board "4.2"]
[WhiteElo "1558"]
[BlackElo "1860"]
[WhiteTeam "AE Magdeburg"]
[BlackTeam "SF Sasbach"]
[WhiteFideId "12921076"]
[BlackFideId "12940968"]
[EventCountry "GER"]
[EventRounds "7"]
[EventType "team-swiss"]
[EventDate "2011.12.26"]

1. e4 e5 2. Nf3 Nc6 3. Bc4 Bc5 4. c3 Nf6 5. d3 a6 6. Bb3 Ba7 7. O-O d6 8. h3
O-O 9. Re1 Nh5 10. Nbd2 Kh8 11. Nf1 Qf6 12. Qe2 Nf4 13. Bxf4 Qxf4 14. Ng3 Qxg3
15. Rad1 Bxh3 16. Qf1 Qg6 17. Kh1 Be6 18. Bxe6 fxe6 19. Qe2 Qh5+ 20. Kg1 Ne7
21. Rd2 Ng6 22. d4 Nf4 23. Qf1 Rf6 24. g3 Nh3+ 25. Kh2 Ng5+ 26. Kg1 Nxf3+ 0-1